01753nam a2200349 i 4500003000900000005001700009008004100026017001400067040004600081041000800127082002800135092000700163099004300170100006900213245026300282250003000545264006900575300003000644336002200674337002400696338003300720504005200753546004100805650008700846651001000933856005700943905000701000942001901007999001701026952018001043952018001223EG-GICUC20260121101537.0251224s2008 ua ||||fr||| 0||| ||ara|d a200819094 a EG-GICUCbarac EG-GICUCd EG-GICUCerda0 aara04221a345.47bب ي . ه04221 aLaw1 07 345.47 ب ي . ه 1 ed - 20080 aبيلى إبراهيم أحمد العليمىeمؤلف.10aهذا هو المعيار الكفء للإحالة إلى التقاعد للعاملين فى الحكومة والقطاع العام :bنظرة إقتصادية إسلامية مقارنة /cبيلى إبراهيم أحمد العليمى. aالطبعة الاولى 1aالقاهرة : b[اسم الناشر غير محدد],c2008. a523 صفحة ; c24 سم. 2rda contentatext 2rda mediaaComputer 2rda carrieraOnline Resource aيحتوي على قائمة بالمراجع aالنص باللغة العربية14aانتهاء الرابطة الوظيفيةxالقانون الاداري2qrmak1 2qrmak40uhttps://fll.law.cu.edu.eg/fulltext/bks/B07-01883.pdf a75 2ddccBKe21n0 c52495d52495 00102ddc40718القانون الإداريaCUbLAW1d2025-12-24l0oLaw1 07 345.47 ب ي . ه 1 ed - 2008 0701883 C1pB07-01883r2025-12-24 15:55:46t1w2025-12-24yBK 00102ddc40708القانون الإداريaCUbLAW1d2025-12-24l0oLaw1 07 345.47 ب ي . ه 1 ed - 2008 0701885 C2pB07-01885r2025-12-24 15:56:08t2w2025-12-24yBK